[Event "Class_C_000258"]
[Site "corr FICGS"]
[Date "2018.08.05"]
[Round "1"]
[White "Vollmer, Steve"]
[Black "Horoshilov, Andrey"]
[Result "1/2-1/2"]
[WhiteElo "1703"]
[BlackElo "1744"]
[PlyCount "111"]
[EventDate "2018.??.??"]
[SourceTitle "FICGS pre-2020"]
[Source "Tim Harding"]
[SourceDate "2020.02.15"]
[SourceVersion "3"]
[SourceVersionDate "2020.02.01"]
[SourceQuality "1"]

1. e4 c5 2. Nf3 d6 3. d4 cxd4 4. Nxd4 Nf6 5. Nc3 Nc6 6. Be2 e5 7. Nf3 h6 8. a4
Be7 9. O-O O-O 10. h3 Be6 11. Be3 d5 12. exd5 Nxd5 13. Nxd5 Bxd5 14. c4 Be4 15.
Qxd8 Raxd8 16. Rfd1 b6 17. Ne1 Nd4 18. Bxd4 exd4 19. Nd3 Bf6 20. a5 Rc8 21.
axb6 axb6 22. b3 g5 23. Ra6 Rb8 24. Rda1 Kg7 25. R1a4 b5 26. Ra1 bxc4 27. bxc4
Bxd3 28. Bxd3 Rfe8 29. g4 Rb3 30. Rd1 Rc3 31. Ra4 Rb8 32. Bf1 Rb2 33. Bd3 Rbb3
34. Bf1 Be5 35. Ra5 Bf4 36. Rb5 Ra3 37. Rd5 d3 38. R5xd3 Rxd3 39. Rxd3 Rxd3 40.
Bxd3 Kf6 41. Kg2 Ke6 42. Kf3 Kd6 43. Ke4 Ke6 44. Kd4 Bd6 45. c5 Bh2 46. f3 Ke7
47. Bf5 Bc7 48. Kd5 Bf4 49. c6 Bc7 50. Bd7 Bd6 51. Ke4 Bg3 52. Kf5 Bc7 53. Ke4
Bg3 54. Ke3 Bc7 55. Kf2 Bh2 56. Ke3 1/2-1/2

[Event "Guarapari Regional Sudeste"]
[Site "Guarapari"]
[Date "2018.08.04"]
[Round "4"]
[White "Goncalves, Luiz Osvaldo Cifuen"]
[Black "Jacobsen, Abias"]
[Result "1-0"]
[WhiteElo "1798"]
[BlackElo "1827"]
[PlyCount "115"]
[EventDate "2018.08.03"]
[EventType "swiss"]
[EventRounds "6"]
[EventCountry "BRA"]
[SourceTitle "OM OTB B 201907"]
[Source "Opening Master"]
[SourceDate "2019.07.06"]
[SourceVersion "2"]
[SourceVersionDate "2019.07.06"]
[SourceQuality "1"]

1. e4 c5 2. Nf3 d6 3. d4 cxd4 4. Nxd4 Nf6 5. Nc3 Nc6 6. Be2 e5 7. Nb3 h6 8. O-O
Be7 9. Be3 O-O 10. Qd2 Ng4 11. Bxg4 Bxg4 12. Nd5 Be6 13. Nxe7+ Nxe7 14. Rad1 d5
15. exd5 Nxd5 16. Qe2 Qc7 17. Nc5 Qc6 18. Nxe6 Qxe6 19. Bc1 Rac8 20. c3 Rfe8
21. Qb5 Nb6 22. a3 Qc6 23. Qxc6 Rxc6 24. Rd3 Rec8 25. Rfd1 Kf8 26. f3 Ke7 27.
Re1 Re6 28. Be3 Nc4 29. Bc1 Rd8 30. Red1 Rxd3 31. Rxd3 Rd6 32. Rxd6 Kxd6 33. b3
Nb6 34. Kf2 Nd7 35. Be3 b6 36. Ke2 Nf6 37. Kd3 Nd5 38. Bd2 Nc7 39. g4 Ne6 40.
h4 f6 41. Be3 Nf8 42. h5 Ne6 43. Ke4 Nc7 44. c4 Ne6 45. b4 Nf8 46. c5+ Kc6 47.
a4 Ne6 48. b5+ Kc7 49. Kd5 Nd8 50. c6 Nf7 51. f4 Nd6 52. fxe5 fxe5 53. Bc1 Ne8
54. Kxe5 Nf6 55. Kf5 Nd5 56. Bf4+ Kc8 57. Bd2 Nf6 58. Bxh6 1-0

[Event "Liepajas Rokade op"]
[Site "Liepaja"]
[Date "2018.08.03"]
[Round "10"]
[White "Mustaps, Matiss"]
[Black "Rogule, Laura"]
[Result "1-0"]
[WhiteElo "2333"]
[BlackElo "2272"]
[PlyCount "115"]
[EventDate "2018.08.02"]
[EventType "swiss (rapid)"]
[EventRounds "13"]
[EventCountry "LAT"]
[SourceTitle "OM OTB B 201907"]
[Source "Opening Master"]
[SourceDate "2019.07.06"]
[SourceVersion "2"]
[SourceVersionDate "2019.07.06"]
[SourceQuality "1"]

1. e4 c5 2. Nf3 Nc6 3. d4 cxd4 4. Nxd4 Nf6 5. Nc3 d6 6. Be2 e5 7. Nf3 h6 8. Nd2
Be7 9. Nc4 O-O 10. Ne3 Nd4 11. g4 Be6 12. Bf3 Nxf3+ 13. Qxf3 Rc8 14. Bd2 b5 15.
h4 b4 16. Ncd5 Bxd5 17. exd5 e4 18. Qg2 Rc5 19. g5 Nxd5 20. gxh6 g6 21. h5 Kh7
22. Qxe4 Bg5 23. O-O-O Nc3 24. Bxc3 bxc3 25. Qd4 Bf6 26. Qxd6 cxb2+ 27. Kb1
Qxd6 28. Rxd6 Be5 29. hxg6+ fxg6 30. Rd7+ Kh8 31. Nd5 Rxf2 32. Ne7 Rg2 33. h7
Bc7 34. Nxg6+ Rxg6 35. Re7 Re5 36. Rxc7 Re8 37. Rxa7 Rb6 38. a4 Rb4 39. Rg1
Reb8 40. a5 Ra4 41. Rg8+ Rxg8 42. hxg8=Q+ Kxg8 43. Kxb2 Kf8 44. a6 Ke8 45. Ra8+
Kd7 46. a7 Kc7 47. Rh8 Rxa7 48. Rh7+ Kb6 49. Rxa7 Kxa7 50. Kb3 Kb7 51. Kb4 Kb6
52. Kc4 Kc6 53. c3 Kb6 54. Kd5 Kc7 55. Kc5 Kc8 56. Kc6 Kb8 57. c4 Kc8 58. c5
1-0

[Event "Caioba Telecom op"]
[Site "Caioba"]
[Date "2018.08.02"]
[Round "4"]
[White "Dias, Juliane de Oliveira"]
[Black "Labussiere, Victor"]
[Result "0-1"]
[WhiteElo "1756"]
[BlackElo "2087"]
[PlyCount "88"]
[EventDate "2018.08.01"]
[EventType "swiss"]
[EventRounds "9"]
[EventCountry "BRA"]
[SourceTitle "OM OTB B 201907"]
[Source "Opening Master"]
[SourceDate "2019.07.06"]
[SourceVersion "2"]
[SourceVersionDate "2019.07.06"]
[SourceQuality "1"]

1. e4 c5 2. Nf3 Nc6 3. d4 cxd4 4. Nxd4 Nf6 5. Nc3 d6 6. Be2 e5 7. Nb3 Be7 8.
O-O O-O 9. Be3 a5 10. f4 a4 11. fxe5 Nxe5 12. Nd4 Qa5 13. Nf5 Bxf5 14. Rxf5 a3
15. Nb5 axb2 16. Rb1 Qxa2 17. Bd4 Nxe4 18. Rxb2 Qe6 19. Rf1 Rfc8 20. Bb6 Nc3
21. Nxc3 Rxc3 22. Bd4 Rc7 23. Bxe5 dxe5 24. Qb1 Bc5+ 25. Kh1 b6 26. Rb3 Bd4 27.
Rbf3 Ra1 28. Qb3 Qxb3 29. cxb3 Rxf1+ 30. Rxf1 g6 31. Bc4 Kg7 32. g4 f6 33. h4
Ra7 34. h5 Ra2 35. Re1 Kh6 36. hxg6 hxg6 37. Rf1 Kg5 38. Be6 Ra1 39. Rxa1 Bxa1
40. Kg2 f5 41. gxf5 gxf5 42. Kf3 e4+ 43. Ke3 Bf6 44. Bc4 Bd4+ 0-1

[Event "Arber op 7th"]
[Site "Bayerisch Eisenstein"]
[Date "2018.07.31"]
[Round "4"]
[White "Froeschle, Andreas"]
[Black "Fauth, Dietmar"]
[Result "1/2-1/2"]
[WhiteElo "1869"]
[BlackElo "2112"]
[PlyCount "75"]
[EventDate "2018.07.28"]
[EventType "swiss"]
[EventRounds "9"]
[EventCountry "GER"]
[SourceTitle "OM OTB B 201907"]
[Source "Opening Master"]
[SourceDate "2019.07.06"]
[SourceVersion "2"]
[SourceVersionDate "2019.07.06"]
[SourceQuality "1"]

1. e4 c5 2. Nf3 Nc6 3. Nc3 d6 4. d4 cxd4 5. Nxd4 Nf6 6. Be2 e5 7. Nb3 Be7 8.
O-O O-O 9. Be3 a5 10. Bf3 a4 11. Nc1 Bd7 12. a3 Na5 13. N1a2 Nc4 14. Bc1 Be6
15. Nb4 Qa5 16. b3 Nb6 17. Be3 Rfc8 18. Bxb6 Qxb6 19. Nxa4 Qa5 20. Re1 b5 21.
Nb2 g6 22. Qd3 Bf8 23. Nd1 d5 24. Nc3 dxe4 25. Nxe4 Nxe4 26. Qxe4 Bxb4 27. Qxb4
Qxb4 28. axb4 Rxa1 29. Rxa1 Rxc2 30. Rb1 f5 31. Kf1 Kf7 32. Ke1 Ke7 33. Be2 Bd7
34. Ra1 Rb2 35. Ra5 Rxb3 36. Bxb5 Rxb4 37. Bxd7 Kxd7 38. Rxe5 1/2-1/2

[Event "Kosice Kotan Memorial"]
[Site "Kosice"]
[Date "2018.07.28"]
[Round "9"]
[White "Endresz, Pavol"]
[Black "Danada, Tomas"]
[Result "1-0"]
[WhiteElo "2047"]
[BlackElo "2257"]
[PlyCount "71"]
[EventDate "2018.07.21"]
[EventType "swiss"]
[EventRounds "9"]
[EventCountry "SVK"]
[SourceTitle "OM OTB B 201907"]
[Source "Opening Master"]
[SourceDate "2019.07.06"]
[SourceVersion "2"]
[SourceVersionDate "2019.07.06"]
[SourceQuality "1"]

1. e4 c5 2. Nf3 d6 3. d4 cxd4 4. Nxd4 Nf6 5. Nc3 Nc6 6. Be2 e5 7. Nb3 Be7 8.
Be3 O-O 9. Qd2 a5 10. a4 Be6 11. O-O d5 12. exd5 Nxd5 13. Nxd5 Qxd5 14. Rad1
Qxd2 15. Rxd2 Bxb3 16. cxb3 Rfd8 17. Rfd1 Rxd2 18. Rxd2 Rd8 19. Rxd8+ Bxd8 20.
Kf1 Kf8 21. Ke1 Ke7 22. Kd2 Nd4 23. Bc4 f6 24. Kc3 Kd6 25. Bd3 f5 26. b4 axb4+
27. Kxb4 Bb6 28. Bxf5 Nxf5 29. Bxb6 Nh4 30. g3 Nf3 31. h4 Kc6 32. Be3 Nh2 33.
Kc4 Ng4 34. b4 Nf6 35. b5+ Kd6 36. Bc5+ 1-0

[Event "POL-chT U20 1st League"]
[Site "Kudowa-Zdroj"]
[Date "2018.07.25"]
[Round "5.27"]
[White "Gorkiewicz, Mateusz"]
[Black "Haliniak, Wojciech"]
[Result "1/2-1/2"]
[WhiteElo "1870"]
[BlackElo "1679"]
[PlyCount "97"]
[EventDate "2018.07.21"]
[EventType "team-tourn"]
[EventRounds "9"]
[EventCountry "POL"]
[SourceTitle "OM OTB B 201907"]
[Source "Opening Master"]
[SourceDate "2019.07.06"]
[SourceVersion "2"]
[SourceVersionDate "2019.07.06"]
[SourceQuality "1"]

1. e4 c5 2. Nf3 Nc6 3. d4 cxd4 4. Nxd4 Nf6 5. Nc3 d6 6. Be2 e5 7. Nf3 Be7 8.
Bg5 Be6 9. O-O O-O 10. Re1 Qa5 11. Bxf6 Bxf6 12. Nd2 Nd4 13. Nb3 Nxb3 14. axb3
Qc5 15. Qd2 h6 16. Red1 Rfd8 17. g3 Rac8 18. Kg2 a6 19. Bf3 Rc6 20. h4 Rd7 21.
Nd5 Bd8 22. c3 Qb5 23. b4 Rc8 24. Qe3 Qc6 25. Ra3 b5 26. Rda1 Ra8 27. Qd3 Bxd5
28. exd5 Qb7 29. h5 Bf6 30. Qb1 Rc7 31. Qa2 Rc4 32. Rxa6 Rd8 33. Ra7 Qc8 34.
Qa5 e4 35. Be2 Qf5 36. Bxc4 Qf3+ 37. Kg1 e3 38. fxe3 Qxg3+ 39. Kf1 Qh3+ 40. Ke2
Re8 41. Qb6 bxc4 42. Rf1 Qg2+ 43. Rf2 Qxd5 44. Rxf6 Qd3+ 45. Kf2 Qd2+ 46. Kf3
Qd1+ 47. Kg2 gxf6 48. Qd4 Qe2+ 49. Kg1 1/2-1/2

[Event "Metz 4th"]
[Site "Metz"]
[Date "2018.07.24"]
[Round "2"]
[White "Le Corre, Benjamin"]
[Black "Haast, Mark"]
[Result "1-0"]
[WhiteElo "2257"]
[BlackElo "2356"]
[PlyCount "89"]
[EventDate "2018.07.23"]
[EventType "tourn"]
[EventRounds "9"]
[EventCountry "FRA"]
[EventCategory "4"]
[SourceTitle "OM OTB B 201907"]
[Source "Opening Master"]
[SourceDate "2019.07.06"]
[SourceVersion "2"]
[SourceVersionDate "2019.07.06"]
[SourceQuality "1"]

1. e4 c5 2. Nf3 Nc6 3. d4 cxd4 4. Nxd4 Nf6 5. Nc3 d6 6. Be2 e5 7. Nb3 Be7 8.
O-O O-O 9. Kh1 a5 10. a4 Be6 11. f4 Nb4 12. f5 Bd7 13. Bg5 Bc6 14. Bxf6 Bxf6
15. Nd5 Bxd5 16. exd5 Re8 17. c3 Na6 18. Bb5 Re7 19. Qe2 e4 20. Rf4 e3 21. Rf3
Qb6 22. Re1 Nc7 23. Rxe3 Nxd5 24. Rxe7 Nxe7 25. Nd2 d5 26. Nf3 h6 27. Ne5 Nc6
28. Ng4 Na7 29. Be8 Rd8 30. Bxf7+ Kxf7 31. Nxh6+ Kf8 32. Qh5 Qc7 33. Qg6 Nc6
34. Re6 Nd4 35. Rxf6+ gxf6 36. Qxf6+ Ke8 37. Qxd4 Qe7 38. h3 Qe4 39. Qg7 Qe7
40. Qg6+ Kd7 41. Ng4 Kc7 42. f6 Qd6 43. Qg7+ Rd7 44. f7 Re7 45. f8=Q 1-0

[Event "ch-AUT 2018"]
[Site "Vienna AUT"]
[Date "2018.07.22"]
[Round "1.8"]
[White "Atzl, Florian"]
[Black "Schwabeneder, Florian"]
[Result "0-1"]
[WhiteElo "2117"]
[BlackElo "2431"]
[PlyCount "88"]
[EventDate "2018.07.22"]
[EventType "swiss"]
[EventRounds "9"]
[EventCountry "AUT"]
[SourceTitle "The Week in Chess 1237"]
[Source "Mark Crowther"]
[SourceDate "2018.07.23"]
[SourceVersion "1"]
[SourceVersionDate "2018.07.23"]
[SourceQuality "2"]

1. e4 c5 2. Nf3 d6 3. d4 cxd4 4. Nxd4 Nf6 5. Nc3 Nc6 6. Be2 e5 7. Nb3 Be7 8.
O-O O-O 9. Kh1 a6 10. Be3 Be6 11. f3 Na5 12. Nd5 Bxd5 13. exd5 Nxb3 14. axb3
Nd7 15. Qd2 h6 16. Ra4 Bg5 17. Bxg5 Qxg5 18. Qxg5 hxg5 19. b4 Rac8 20. c3 g6
21. b5 Nb6 22. Ra5 Rc5 23. b4 Rxc3 24. bxa6 bxa6 25. Bxa6 Rb3 26. Rb5 Nc4 27.
h3 Ra8 28. Rc1 Ne3 29. Rb6 Rb2 30. b5 Nxg2 31. Rxd6 Nh4 32. Rf1 Nf5 33. Rc6 Rd8
34. Rd1 Nd4 35. Rd3 Rxd5 36. Rc8+ Kg7 37. Rc1 Rd8 38. Re1 Rh8 39. Rxe5 Rxh3+
40. Kg1 Nxf3+ 41. Rxf3 Rxf3 42. Rc5 g4 43. Rc1 f5 44. Bb7 Rg3+ 0-1

[Event "Mostoles op 9th"]
[Site "Mostoles"]
[Date "2018.07.19"]
[Round "3"]
[White "Fuentes Arjona, Antonio C"]
[Black "Martin Diaz, Juan"]
[Result "1-0"]
[WhiteElo "1925"]
[BlackElo "1777"]
[PlyCount "91"]
[EventDate "2018.07.17"]
[EventType "swiss"]
[EventRounds "9"]
[EventCountry "ESP"]
[SourceTitle "OM OTB B 201907"]
[Source "Opening Master"]
[SourceDate "2019.07.06"]
[SourceVersion "2"]
[SourceVersionDate "2019.07.06"]
[SourceQuality "1"]

1. e4 c5 2. Nf3 d6 3. d4 cxd4 4. Nxd4 Nf6 5. Nc3 Nc6 6. Be2 e5 7. Nb3 Be7 8.
Be3 O-O 9. g4 Be6 10. g5 Nd7 11. h4 Nb6 12. Qd2 a5 13. a4 Nb4 14. h5 d5 15.
Bxb6 Qxb6 16. Nxd5 Nxd5 17. exd5 Rfd8 18. Bf3 Bb4 19. c3 Be7 20. Nc1 Rd7 21.
Nd3 Bf5 22. Nxe5 Rdd8 23. O-O Rac8 24. Bg4 Bxg4 25. Nxg4 Rc4 26. Qe2 Qc7 27.
Rfe1 Bf8 28. Ne3 Re4 29. Qf3 Rde8 30. Ng2 Rxe1+ 31. Rxe1 Rd8 32. Rd1 Bd6 33.
Ne3 Bf4 34. Qg4 Qe5 35. Qf5 Qxf5 36. Nxf5 Bxg5 37. c4 b6 38. Rd3 Kf8 39. Rb3 g6
40. hxg6 hxg6 41. Nd4 Re8 42. Rxb6 Re1+ 43. Kg2 Rd1 44. Nf3 Bd8 45. Rb8 Ke8 46.
Ne5 1-0

[Event "ch-CHN GpB Women 2018"]
[Site "Jiangmen CHN"]
[Date "2018.07.18"]
[Round "1.3"]
[White "Zhai, Pinran"]
[Black "Li Xueyi"]
[Result "0-1"]
[WhiteElo "1500"]
[BlackElo "2191"]
[PlyCount "72"]
[EventDate "2018.07.18"]
[EventType "swiss"]
[EventRounds "11"]
[EventCountry "CHN"]
[SourceTitle "The Week in Chess 1237"]
[Source "Mark Crowther"]
[SourceDate "2018.07.23"]
[SourceVersion "1"]
[SourceVersionDate "2018.07.23"]
[SourceQuality "2"]

1. e4 c5 2. Nf3 d6 3. d4 cxd4 4. Nxd4 Nf6 5. Nc3 Nc6 6. Be2 e5 7. Nb3 Be7 8.
Be3 O-O 9. O-O Be6 10. Kh1 a5 11. a4 Nb4 12. Nd2 d5 13. exd5 Nfxd5 14. Nxd5
Nxd5 15. Nc4 Qc7 16. Bd2 Rfd8 17. Qc1 f5 18. Na3 Rac8 19. c3 Bf6 20. Rb1 Qe7
21. Qe1 e4 22. Nc4 b6 23. Ne3 Nxe3 24. Bxe3 Qc7 25. f4 Rd6 26. Qf2 Rcd8 27.
Rfc1 Bb3 28. Bb5 h6 29. h3 Kh8 30. Ra1 Bc4 31. Bxc4 Qxc4 32. Bxb6 Rd2 33. Qf1
R8d3 34. Bxa5 e3 35. Re1 Rf2 36. Qg1 Rdd2 0-1

[Event "ALG-ch"]
[Site "Oran"]
[Date "2018.07.15"]
[Round "4"]
[White "Fellah, Mohamed Amine"]
[Black "Talbi, Chafik"]
[Result "1/2-1/2"]
[WhiteElo "2113"]
[BlackElo "2251"]
[PlyCount "107"]
[EventDate "2018.07.12"]
[EventType "tourn"]
[EventRounds "7"]
[EventCountry "ALG"]
[SourceTitle "OM OTB B 201907"]
[Source "Opening Master"]
[SourceDate "2019.07.06"]
[SourceVersion "2"]
[SourceVersionDate "2019.07.06"]
[SourceQuality "1"]

1. e4 c5 2. Nf3 d6 3. d4 cxd4 4. Nxd4 Nf6 5. Nc3 Nc6 6. Be2 e5 7. Nb3 Be7 8.
O-O O-O 9. Kh1 a5 10. a4 Be6 11. f4 Nb4 12. Be3 Rc8 13. Bf3 Bc4 14. Rf2 Qc7 15.
g4 d5 16. fxe5 Nxe4 17. Nxe4 dxe4 18. Bxe4 Bh4 19. Rd2 Qxe5 20. Qf3 Nc6 21. Qf5
Qxf5 22. Bxf5 Rcd8 23. Rxd8 Rxd8 24. Bb6 Re8 25. Nxa5 Bd5+ 26. Kg1 Nxa5 27.
Bxa5 Re2 28. Rd1 Rg2+ 29. Kf1 Bf3 30. Rd2 Rxd2 31. Bxd2 g6 32. Bd7 Kf8 33. h3
Bf6 34. c3 Ke7 35. Bb5 Bh4 36. Be3 Kd6 37. Bf2 Bg5 38. Bg3+ Kd5 39. Kf2 Ke4 40.
a5 Be3+ 41. Kf1 Bc1 42. b3 f5 43. gxf5 gxf5 44. a6 bxa6 45. Bxa6 Bd1 46. b4 Bd2
47. Be1 Bg5 48. Bf2 f4 49. b5 Bf6 50. Bd4 Bxd4 51. cxd4 Kxd4 52. b6 Bf3 53. b7
Bxb7 54. Bxb7 1/2-1/2

[Event "Leiden op-A 12th"]
[Site "Leiden"]
[Date "2018.07.14"]
[Round "2"]
[White "Slingerland, Fred"]
[Black "Loginov, Valery A"]
[Result "1/2-1/2"]
[WhiteElo "2355"]
[BlackElo "2493"]
[PlyCount "106"]
[EventDate "2018.07.13"]
[EventType "swiss"]
[EventRounds "9"]
[EventCountry "NED"]
[SourceTitle "OM OTB B 201907"]
[Source "Opening Master"]
[SourceDate "2019.07.06"]
[SourceVersion "2"]
[SourceVersionDate "2019.07.06"]
[SourceQuality "1"]

1. e4 c5 2. Nf3 d6 3. d4 cxd4 4. Nxd4 Nf6 5. Nc3 Nc6 6. Be2 e5 7. Nf3 h6 8. O-O
Be7 9. Re1 O-O 10. h3 Be6 11. Bf1 Qd7 12. Nd5 Bd8 13. c4 Nh7 14. b3 Ba5 15. Bd2
Bxd2 16. Qxd2 f5 17. exf5 Rxf5 18. Re3 Raf8 19. Rd1 Rxf3 20. Rxf3 Rxf3 21. gxf3
Ng5 22. Qe3 Bxh3 23. Be2 Nd4 24. Rxd4 exd4 25. Qxd4 b6 26. Qe3 Be6 27. Nf4 Bf7
28. Bd3 Qd8 29. Be4 Qf6 30. Kg2 Ne6 31. Nxe6 Bxe6 32. f4 Kf7 33. a4 g5 34. fxg5
Qxg5+ 35. Qxg5 hxg5 36. f4 Kf6 37. Kf3 g4+ 38. Kg3 a5 39. Bc2 Bf5 40. Bd1 Kg6
41. Bxg4 Bc2 42. Bd7 Bxb3 43. Bb5 Kf6 44. Kf3 d5 45. cxd5 Bxd5+ 46. Ke3 Bb3 47.
Ke4 Ke6 48. f5+ Kf6 49. Bd7 Bc2+ 50. Kd5 Bb3+ 51. Kd6 Bxa4 52. Bxa4 Kxf5 53.
Kc6 Ke5 1/2-1/2

[Event "Villa Tehuelches Cuarto op"]
[Site "Villa Tehuelches"]
[Date "2018.07.12"]
[Round "4"]
[White "Cubas, Jose Fernando"]
[Black "Aguilar, Andres"]
[Result "1-0"]
[WhiteElo "2476"]
[BlackElo "2285"]
[PlyCount "67"]
[EventDate "2018.07.11"]
[EventType "swiss"]
[EventRounds "7"]
[EventCountry "CHI"]
[SourceTitle "OM OTB B 201907"]
[Source "Opening Master"]
[SourceDate "2019.07.06"]
[SourceVersion "2"]
[SourceVersionDate "2019.07.06"]
[SourceQuality "1"]

1. e4 c5 2. Nf3 Nc6 3. d4 cxd4 4. Nxd4 Nf6 5. Nc3 d6 6. Be2 e5 7. Nf3 h6 8. O-O
Be7 9. b3 O-O 10. Bb2 Be6 11. Re1 Rc8 12. Bf1 Nh7 13. Nd5 Bxd5 14. exd5 Nb8 15.
Qe2 Qd7 16. c4 Rfe8 17. Qe3 b6 18. a4 Bd8 19. c5 Rxc5 20. b4 Rxd5 21. Bc4 Qb7
22. Qb3 Nf6 23. Nh4 a6 24. Nf5 b5 25. axb5 axb5 26. Bxd5 Qxd5 27. Qxd5 Nxd5 28.
Nxd6 Rf8 29. Rxe5 Nxb4 30. Rxb5 N8c6 31. Nf5 g6 32. Nxh6+ Kh7 33. Ng4 Nc2 34.
Rd1 1-0

[Event "Agneaux St Lo op 20th"]
[Site "Agneaux"]
[Date "2018.07.10"]
[Round "4"]
[White "Aout, Sebastien"]
[Black "Navrotescu, Andreea Cristiana"]
[Result "0-1"]
[WhiteElo "2204"]
[BlackElo "2182"]
[PlyCount "86"]
[EventDate "2018.07.07"]
[EventType "swiss"]
[EventRounds "9"]
[EventCountry "FRA"]
[SourceTitle "OM OTB B 201907"]
[Source "Opening Master"]
[SourceDate "2019.07.06"]
[SourceVersion "2"]
[SourceVersionDate "2019.07.06"]
[SourceQuality "1"]

1. e4 c5 2. Nf3 d6 3. d4 cxd4 4. Nxd4 Nf6 5. Nc3 Nc6 6. Be2 e5 7. Nb3 Be7 8.
O-O O-O 9. f4 a5 10. a4 Nb4 11. Be3 Be6 12. f5 Bd7 13. Bf3 d5 14. Bg5 d4 15.
Na2 Bxa4 16. Nxb4 axb4 17. Bxf6 gxf6 18. Be2 Kh8 19. Bd3 Rg8 20. Qe2 Qf8 21.
Rf3 Qh6 22. Rd1 Rac8 23. Kh1 Rg5 24. Rh3 Qg7 25. Nd2 Bxc2 26. Rc1 Rg8 27. Rg1
Ba4 28. Nf3 Rg4 29. Rh5 Bc6 30. Rh3 Qf8 31. Nh4 R4g5 32. Nf3 R5g7 33. Nh4 Qa8
34. Re1 b3 35. Bc4 Bb4 36. Qh5 Qe8 37. Re2 Bb5 38. Bxb3 Bxe2 39. Qxe2 Qc6 40.
Rd3 Qc1+ 41. Rd1 Qe3 42. Qf3 Qxf3 43. gxf3 d3 0-1

[Event "Paracin Summer op-B 11th"]
[Site "Paracin"]
[Date "2018.07.09"]
[Round "4"]
[White "Pribanovic, Milivoje"]
[Black "Mihevc, Ivo"]
[Result "0-1"]
[WhiteElo "1872"]
[BlackElo "2057"]
[PlyCount "89"]
[EventDate "2018.07.06"]
[EventType "swiss"]
[EventRounds "9"]
[EventCountry "SRB"]
[SourceTitle "OM OTB B 201907"]
[Source "Opening Master"]
[SourceDate "2019.07.06"]
[SourceVersion "2"]
[SourceVersionDate "2019.07.06"]
[SourceQuality "1"]

1. e4 c5 2. Nf3 Nc6 3. d4 cxd4 4. Nxd4 Nf6 5. Nc3 d6 6. Be2 e5 7. Nb3 Be7 8.
O-O O-O 9. f4 a5 10. a4 Nb4 11. Kh1 Bd7 12. Bf3 Bc6 13. fxe5 dxe5 14. Qe2 Qc7
15. Be3 b6 16. Qf2 Rab8 17. g4 Ne8 18. Qg2 Nd6 19. Rf2 Nc4 20. Bc1 Rbd8 21. Nd5
Qb7 22. Nd2 Nd6 23. c4 Bh4 24. Re2 Nc2 25. Ra2 Nd4 26. Re3 Bg5 27. Rc3 Rc8 28.
b3 Rfe8 29. Ba3 Rcd8 30. Bxd6 Rxd6 31. Rd3 Bxd5 32. exd5 Bxd2 33. Raxd2 g6 34.
Be4 Qe7 35. g5 f5 36. gxf6 Rxf6 37. Qg3 Ref8 38. Rd1 Rf4 39. Bg2 Qf6 40. Qe3
Nf5 41. Qd2 Rh4 42. Bh3 Nd6 43. Rf1 Qxf1+ 44. Bxf1 Rxf1+ 45. Kg2 0-1

[Event "ARG-chT"]
[Site "Villa Martelli"]
[Date "2018.07.07"]
[Round "1.1"]
[White "Fulgenzi, Ernesto"]
[Black "Pichot, Alan"]
[Result "1-0"]
[WhiteElo "2344"]
[BlackElo "2564"]
[PlyCount "75"]
[EventDate "2018.07.07"]
[EventType "team-swiss"]
[EventRounds "9"]
[EventCountry "ARG"]
[SourceTitle "OM OTB B 201907"]
[Source "Opening Master"]
[SourceDate "2019.07.06"]
[SourceVersion "2"]
[SourceVersionDate "2019.07.06"]
[SourceQuality "1"]
[WhiteTeam "Tacticos y Estrategas"]
[BlackTeam "Obras AySa"]
[WhiteTeamCountry "ARG"]
[BlackTeamCountry "ARG"]

1. e4 c5 2. Nf3 d6 3. d4 cxd4 4. Nxd4 Nf6 5. Nc3 Nc6 6. Be2 e5 7. Nb3 Be7 8.
O-O O-O 9. Be3 a5 10. a4 Be6 11. f4 exf4 12. Bxf4 Rc8 13. Kh1 Ne5 14. Nd4 Qb6
15. Ndb5 Nc4 16. Qe1 Qc5 17. Bxc4 Bxc4 18. Rf2 Rfe8 19. Rd2 Bxb5 20. Nxb5 Qb4
21. Bxd6 Qxb2 22. c4 Qb3 23. e5 Ng4 24. Bxe7 Rxe7 25. Qh4 Rxe5 26. Qxg4 Rce8
27. h3 h5 28. Qh4 Qb4 29. Rd7 Re4 30. Qxh5 Qxc4 31. Kh2 Re1 32. Rd4 Qf1 33.
Rxe1 Qxe1 34. Rd7 Qe6 35. Qd5 Qf6 36. Qd4 Qg5 37. Nd6 Re2 38. Qg4 1-0

[Event "Viljandi Raud Olympic 52nd"]
[Site "Viljandi"]
[Date "2018.07.06"]
[Round "2.2"]
[White "Soot, Margus"]
[Black "Kanep, Meelis"]
[Result "0-1"]
[WhiteElo "2106"]
[BlackElo "2440"]
[PlyCount "140"]
[EventDate "2018.07.06"]
[EventType "k.o. (rapid)"]
[EventRounds "5"]
[EventCountry "EST"]
[SourceTitle "OM OTB B 201907"]
[Source "Opening Master"]
[SourceDate "2019.07.06"]
[SourceVersion "2"]
[SourceVersionDate "2019.07.06"]
[SourceQuality "1"]

1. e4 c5 2. Nf3 d6 3. d4 cxd4 4. Nxd4 Nf6 5. Nc3 Nc6 6. Be2 e5 7. Nb3 Be7 8.
Be3 O-O 9. O-O a5 10. a3 Be6 11. Bf3 a4 12. Nd2 Qa5 13. Qe2 Rfc8 14. Nc4 Bxc4
15. Qxc4 Nd4 16. Qd3 Nxf3+ 17. gxf3 h6 18. Rad1 Rc6 19. f4 exf4 20. Bxf4 Qh5
21. Kh1 Rb6 22. Qg3 Rxb2 23. Bxd6 Bxd6 24. Rxd6 Rxc2 25. Rxf6 Rxc3 26. Qxc3
gxf6 27. Qxf6 Kh7 28. Rb1 Rg8 29. f3 Qh3 30. Qxf7+ Rg7 31. Qf5+ Qxf5 32. exf5
Rc7 33. Kg2 Kg7 34. Kg3 Kf6 35. Rb5 Rc3 36. h4 Rb3 37. Rd5 Rxa3 38. Kf4 Rb3 39.
Rd6+ Ke7 40. Rxh6 a3 41. Rh7+ Kf6 42. Rh6+ Kf7 43. Rh7+ Kf6 44. Rh6+ Kf7 45.
Rh8 Rb4+ 46. Kg5 Ra4 47. Rh7+ Kg8 48. Rxb7 a2 49. Kg6 Ra6+ 50. f6 Rxf6+ 51.
Kxf6 a1=Q+ 52. Kf5 Qa5+ 53. Kg4 Qa4+ 54. Kg3 Qd4 55. Rb8+ Kf7 56. Rb5 Qg1+ 57.
Kf4 Qh2+ 58. Ke3 Qg1+ 59. Kf4 Qc1+ 60. Kg3 Qg1+ 61. Kf4 Qh2+ 62. Ke3 Qxh4 63.
Re5 Qe1+ 64. Kf4 Qd2+ 65. Kg4 Qg2+ 66. Kf4 Qh2+ 67. Ke4 Kf6 68. Rf5+ Ke6 69.
Rf4 Qe2+ 70. Kd4 Qe5+ 0-1

[Event "Viljandi Raud Olympic 52nd"]
[Site "Viljandi"]
[Date "2018.07.06"]
[Round "1.1"]
[White "Blokhin, Sofia"]
[Black "Kanep, Meelis"]
[Result "0-1"]
[WhiteElo "1500"]
[BlackElo "2440"]
[PlyCount "62"]
[EventDate "2018.07.06"]
[EventType "k.o. (rapid)"]
[EventRounds "5"]
[EventCountry "EST"]
[SourceTitle "OM OTB B 201907"]
[Source "Opening Master"]
[SourceDate "2019.07.06"]
[SourceVersion "2"]
[SourceVersionDate "2019.07.06"]
[SourceQuality "1"]

1. e4 c5 2. Nf3 d6 3. d4 cxd4 4. Nxd4 Nf6 5. Nc3 Nc6 6. Be2 e5 7. Nb3 Be7 8.
Be3 O-O 9. O-O a5 10. a4 Be6 11. f3 Nb4 12. g4 h6 13. Qd2 d5 14. exd5 Nfxd5 15.
Nxd5 Nxd5 16. Rad1 Nxe3 17. Qxe3 Qc7 18. c4 Rfc8 19. Qc3 Bxc4 20. Bxc4 Qxc4 21.
Qxc4 Rxc4 22. Rd7 Bg5 23. Rxb7 Rxa4 24. Rd1 Rb4 25. Rdd7 Rxb7 26. Rxb7 a4 27.
Na1 Rc8 28. Kg2 Rc1 29. Nb3 Rc2+ 30. Kh3 Bf4 31. g5 h5 0-1